Apprenticed to magic (Запис № 469492)

МАРК-запис
000 -LEADER
fixed length control field 01371cam a2200313I 4500
001 - CONTROL NUMBER
control field apprenticedtomag00butlrich
003 - CONTROL NUMBER IDENTIFIER
control field CaSfIA
005 - DATE AND TIME OF LATEST TRANSACTION
control field 20210117184830.0
007 - PHYSICAL DESCRIPTION FIXED FIELD--GENERAL INFORMATION
fixed length control field cr||||
008 - FIXED-LENGTH DATA ELEMENTS--GENERAL INFORMATION
fixed length control field 780114s1962 enkd 000 0 eng d
040 ## - CATALOGING SOURCE
Original cataloging agency UUM
Transcribing agency UUM
Modifying agency UKM
-- OCLCG
-- OCLCA
-- CaSfIA
015 ## - NATIONAL BIBLIOGRAPHY NUMBER
National bibliography number GB62-14993
035 ## - SYSTEM CONTROL NUMBER
System control number (OCoLC)3558398
082 04 - DEWEY DECIMAL CLASSIFICATION NUMBER
Classification number 133
Edition number 18
090 ## - LOCALLY ASSIGNED LC-TYPE CALL NUMBER (OCLC); LOCAL CALL NUMBER (OCLC)
Classification number (OCLC) (R) ; Classification number, CALL (RLIN) (NR) BF1611
Local cutter number (OCLC) ; Book number/undivided call number, CALL (RLIN) .B8
029 1# - (OCLC)
OCLC library identifier UKM
System control number b6214993
029 1# - (OCLC)
OCLC library identifier AU@
System control number 000026218834
100 1# - MAIN ENTRY--PERSONAL NAME
Personal name Butler, W. E.
Fuller form of name (Walter Ernest),
Dates associated with a name 1898-1978.
245 10 - TITLE STATEMENT
Title Apprenticed to magic
Medium [electronic resource]
Statement of responsibility, etc [by] W.E. Butler.
250 ## - EDITION STATEMENT
Edition statement 1st ed.
260 ## - PUBLICATION, DISTRIBUTION, ETC. (IMPRINT)
Place of publication, distribution, etc London,
Name of publisher, distributor, etc Aquarian Press,
Date of publication, distribution, etc 1962.
300 ## - PHYSICAL DESCRIPTION
Extent x,105p.
Other physical details diagr.
506 ## - RESTRICTIONS ON ACCESS NOTE
Standardized terminology for access restriction Необхідна авторизація на https://archive.org/ (створення облікового запису безкоштовно)
506 ## - RESTRICTIONS ON ACCESS NOTE
Standardized terminology for access restriction Необхідна авторизація на https://openlibrary.org/ (створення облікового запису безкоштовно)
856 41 - ELECTRONIC LOCATION AND ACCESS
Uniform Resource Identifier <a href="http://www.archive.org/details/apprenticedtomag00butlrich">http://www.archive.org/details/apprenticedtomag00butlrich</a>
Public note Free eBook from the Internet Archive
856 42 - ELECTRONIC LOCATION AND ACCESS
Uniform Resource Identifier <a href="http://www.openlibrary.org/books/OL24200417M">http://www.openlibrary.org/books/OL24200417M</a>
Public note Additional information and access via Open Library
942 ## - ADDED ENTRY ELEMENTS (KOHA)
Koha item type ЕКнига

Немає доступних примірників.